[Event "Bhopal op"]
[Site "Bhopal"]
[Date "2019.12.27"]
[Round "9"]
[White "Rawat, Aditya"]
[Black "Franco Valencia, Angela Maria"]
[Result "0-1"]
[WhiteElo "1600"]
[BlackElo "2167"]
[PlyCount "82"]
[EventDate "2019.12.21"]
[EventType "swiss"]
[EventRounds "10"]
[EventCountry "IND"]
[SourceTitle "CBM 194 Extra"]
[Source "ChessBase"]
[SourceDate "2020.03.31"]
[SourceVersion "1"]
[SourceVersionDate "2020.03.31"]
[SourceQuality "1"]

1. c4 e5 2. g3 Nf6 3. Bg2 Nc6 4. Nf3 g6 5. 0-0 Bg7 6. Nc3 0-0 7. Rb1 a5 8. a3 Re8 9. Qc2 d6 10. d3 Bg4 11. h3 Bxf3 12. Bxf3 Nd4 13. Qd1 Nxf3+ 14. exf3 Qd7 15. Kh2 c6 16. f4 b5 17. fxe5 dxe5 18. Ne4 Nxe4 19. dxe4 Qd4 20. Qc2 Red8 21. Be3 Qd3 22. Qxd3 Rxd3 23. cxb5 cxb5 24. Rfd1 Rad8 25. Rxd3 Rxd3 26. Rc1 h6 27. Kg2 Rb3 28. Rc2 Bf8 29. Bd2 a4 30. Ba5 b4 31. axb4 Bxb4 32. Rc8+ Kg7 33. Bc7 f6 34. Ra8 Rxb2 35. Rxa4 Bc5 36. g4 Bxf2 37. Rc4 h5 38. Kf3 Bd4 39. Bd6 h4 40. Rc6 Kh6 41. g5+ Kxg5 0-1

[Event "Bhopal op"]
[Site "Bhopal"]
[Date "2019.12.26"]
[Round "8"]
[White "Rathore, SK."]
[Black "Rawat, Aditya"]
[Result "1/2-1/2"]
[WhiteElo "1939"]
[BlackElo "1600"]
[PlyCount "113"]
[EventDate "2019.12.21"]
[EventType "swiss"]
[EventRounds "10"]
[EventCountry "IND"]
[SourceTitle "CBM 194 Extra"]
[Source "ChessBase"]
[SourceDate "2020.03.31"]
[SourceVersion "1"]
[SourceVersionDate "2020.03.31"]
[SourceQuality "1"]

1. e4 d5 2. exd5 Nf6 3. d4 Bg4 4. Be2 Bxe2 5. Qxe2 Qxd5 6. Nf3 Nc6 7. Be3 e6 8. 0-0 Bd6 9. Re1 Qh5 10. h3 0-0-0 11. c4 g5 12. c5 Bf4 13. Nc3 Bxe3 14. fxe3 g4 15. hxg4 Nxg4 16. Ne4 Rhg8 17. b4 Qg6 18. Neg5 h6 19. Nh3 Qf5 20. e4 Qf6 21. e5 Qf5 22. Qe4 Ne3 23. Rxe3 Qxh3 24. Nh2 Qh5 25. Rd3 Qg6 26. Qxg6 Rxg6 27. Nf3 Nxb4 28. Rd2 Rdg8 29. Rf1 Nd5 30. Nh2 Ne3 31. Rff2 c6 32. Nf1 Nf5 33. Nh2 h5 34. Rf3 h4 35. Nf1 Rg4 36. Ne3 Nxe3 37. Rxe3 Rf4 38. Rf2 Rgg4 39. Ref3 Rxf3 40. Rxf3 Rxd4 41. Rxf7 Rd5 42. Rf8+ Kd7 43. Rf7+ Kd8 44. Rxb7 a5 45. Rh7 Rxe5 46. Rxh4 Rxc5 47. a4 Kd7 48. Kf2 Rd5 49. Ke3 Rg5 50. g4 e5 51. Rh7+ Kd6 52. Ra7 Rxg4 53. Rxa5 Rb4 54. Ra8 Kc5 55. Ra5+ Kb6 56. Rxe5 Rxa4 57. Kd3 1/2-1/2